000
00236nam a22000857a 4500
008
161215b xxu||||| |||| 00| 0 eng d
100
_9
2076
_a
Sharma. R
245
_a
Frank Environmental education - 8
260
_a
New Delhi
_b
Frank Brothers
_c
2006
999
_c
4954
_d
4954